00652nam a2200181 a 450000100100000000500170001000800410002704000250006808200080009310000290010124000410013024500740017126000430024530000210028870000360030995201080034599900170045300004024320201002034015.0130820s1975 cu 000 0 spa d aDO-SdBNPbspacBNPHU axxx1 aSembén, Usmán96651010aLes bouts de bois de Dieulespañol14aLos trozos de madera de Dios /cUsmán Sembén ; Virgilio Piñero. aLa Habana :bArte y Literatura,c1975. a396 p. ;c18 cm.1 aPiñero, Virgilio,etr.966511 001050718MOaGRbGRcCTd2013-08-20iLF1l0oxxx p40243-10r2020-06-25w2020-06-25y1ZNo se presta c39733d39733